| 000 | 00515nam a2200205Ia 4500 | ||
|---|---|---|---|
| 001 | 5466 | ||
| 003 | GE_BSU | ||
| 008 | 181216s||||||||xx |||||||||||||| ||und|| | ||
| 040 | _cGE_BSU | ||
| 080 | _a16 | ||
| 100 | _aЗиновьев А.А. | ||
| 245 | _aКомплексная логика. | ||
| 245 | _cОтв. ред. Л.В.Таванец. | ||
| 260 | _aМосква | ||
| 260 | _bНаука | ||
| 260 | _c1970 | ||
| 300 | _a202 с. 20 см. | ||
| 653 | _aКомплексная логика. | ||
| 942 | _cBK | ||
| 999 |
_c38994 _d38994 |
||